Pri podnikaní je nevyhnutné poznať aj environmentálnu legislatívu
Sumarizácia najdôležitejších povinností právnických a fyzických osôb, ktoré vyplývajú z platnej právnej úpravy na ochranu životného prostredia. Novoprijaté a novelizované predpisy, v súčinnosti s ekonomickými nástrojmi, majú zabezpečiť, aby všetky podnikateľské aktivity neohrozili životné prostredie...
Enregistré dans:
| Auteur principal: | |
|---|---|
| Autres auteurs: | |
| Format: | Chapitre de livre |
| Langue: | slovaque |
| Sujets: | |
| Tags: |
Pas de tags, Soyez le premier à ajouter un tag!
|
MARC
| LEADER | 00000naa a2200000 4500 | ||
|---|---|---|---|
| 001 | r026196 | ||
| 005 | 20230921080425.6 | ||
| 041 | 0 | |a slo | |
| 044 | |a SK | ||
| 245 | 1 | 0 | |a Pri podnikaní je nevyhnutné poznať aj environmentálnu legislatívu |c I. Závadský, B. Gašparíková |
| 520 | |a Sumarizácia najdôležitejších povinností právnických a fyzických osôb, ktoré vyplývajú z platnej právnej úpravy na ochranu životného prostredia. Novoprijaté a novelizované predpisy, v súčinnosti s ekonomickými nástrojmi, majú zabezpečiť, aby všetky podnikateľské aktivity neohrozili životné prostredie nad zákonom stanovenú mieru. | ||
| 610 | 2 | 0 | |a prostredie životné |
| 610 | 2 | 0 | |a ochrana prostredia životného |
| 610 | 2 | 0 | |a podnikanie |
| 610 | 2 | 0 | |a predpisy právne |
| 610 | 2 | 0 | |a legislatíva |
| 610 | 2 | 0 | |a ekológia |
| 610 | 2 | 0 | |a zákony |
| 610 | 2 | 0 | |a Slovensko |
| 100 | 1 | |a Závadský, I. | |
| 700 | 1 | |a Gašparíková, Božena | |